Vliv přesného stanovení daňové úspory na finanční rozhodování

Rozpracovanie problematiky daňovej úspory v podmienkach ČR. Hľadanie skutočného okamihu realizácie daňovej úspory a vyšetrenie toho, aký vplyv má časový rozdiel medzi okamihom vzniku nároku na daňovú úsporu a okamihom realizácie daňovej úspory na súčasnú hodnotu tejto úspory. Následne je skúmaná záv...

Description complète

Enregistré dans:
Détails bibliographiques
Auteur principal: Marek, Petr
Autres auteurs: Radová, Jarmila
Format: Chapitre de livre
Langue:tchèque
Sujets:
Tags: Ajouter un tag
Pas de tags, Soyez le premier à ajouter un tag!

MARC

LEADER 00000naa$a2200000$$$4500
001 0006958
005 20221025110858.1
041 0 |a cze 
044 |a SK 
245 1 0 |a Vliv přesného stanovení daňové úspory na finanční rozhodování  |c aut. Petr Marek, Jarmila Radová 
520 |a Rozpracovanie problematiky daňovej úspory v podmienkach ČR. Hľadanie skutočného okamihu realizácie daňovej úspory a vyšetrenie toho, aký vplyv má časový rozdiel medzi okamihom vzniku nároku na daňovú úsporu a okamihom realizácie daňovej úspory na súčasnú hodnotu tejto úspory. Následne je skúmaná závislosť rozdielu medzi okamihom vzniku nároku na túto úsporu a koncom zdaňovacieho obdobia. V závere je navrhnutá úprava finančných modelov využívajúcich kategóriu daňovej úspory a koeficienty zohľadňujúce skutočný okamih realizácie daňovej úspory. 
610 2 0 |a dane 
610 2 0 |a úspory 
610 2 0 |a rozhodovanie finančné 
610 2 0 |a účtovníctvo daňové 
610 2 0 |a matematika finančná 
610 2 0 |a metodika 
100 1 |a Marek, Petr 
700 1 |a Radová, Jarmila